000 00808nam a2200193 i 4500
001 129787
003 ES-MaACL
005 20230906193557.0
007 t|
008 070705s1919 sp ||||1| spa d
100 1 _aZuazo y Palacios, Julián.
_9118387
245 1 0 _aBibliografía ibérica
_b: suroeste de España, Castellar de Mecas, Cerro de los Santos /
_cJulián Zuazo Palacios.
260 _aMadrid :
_bBlass y Cía,
_c1919.
300 _a71 p. ;
_c26 cm.
500 _aPrecede al tít.: Congreso de Bilbao. VII de la Asociación Española para el Progreso de las Ciencias.
710 2 _aAsociación Española para el Progreso de las Ciencias.
_91705
710 2 _aAsociación Española para el Progreso de las Ciencias.
_bCongreso (
_n7º.
_d1919.
_cBilbao)
_91701
852 4 _aES-MaACL
_j1574-F-24
999 _c129787
_d129787